00365nam a2200133 450000500170000010000220001724500560003926400310009530000180012633600220014433700240016633800240019099900170021420260530115300.01 aB. Arvatov93105610aArte y Producción / El Programa del Productivismo 1bCOMUNICACION serie Bc1978 a122 páginas atexto2rdacontent asin medio2rdamedia avolumen2rdacarrier c12785d12785